00273nam a22001097a 4500041001200000082001400012100002700026245003900053260003300092300000700125650003100132 aEnglish a261.8 RAM aRamsey, Arthur Michael aThe Future of the Christian Church aLondonbSCM Press Ltd.c1943 a86 aChurch and Social Problems